[Event "44th Chess Olympiad Open 2022"]
[Site "Chennai"]
[Date "2022.07.31"]
[Round "3.6"]
[White "Mamedyarov, Shakhriyar"]
[Black "Peralta, Fernando"]
[Result "1-0"]
[WhiteElo "2759"]
[BlackElo "2591"]
[Annotator "TA"]
[PlyCount "49"]
[EventDate "2022.07.29"]
[EventType "team-tourn"]
[EventCountry "IND"]
[SourceTitle "playchess.com"]
[Source "ChessBase"]
[SourceQuality "1"]
[WhiteTeam "Azerbaijan"]
[BlackTeam "Argentina"]
[WhiteTeamCountry "AZE"]
[BlackTeamCountry "ARG"]

1. c4 e6 2. Nc3 b6 3. d4 Bb4 4. e3 Bxc3+ 5. bxc3 Bb7 6. a4 f5 7. a5 Nf6 8. f3
O-O 9. Bd3 c5 10. Nh3 Nc6 11. a6 Bc8 12. O-O Nh5 13. e4 f4 14. e5 g6 15. Be4
Rb8 16. Bxc6 dxc6 17. dxc5 bxc5 18. Ba3 Qe7 19. Qd4 cxd4 20. Bxe7 Re8 21. Bd6
Rb6 22. cxd4 Rxa6 23. Ng5 Ng7 24. Ne4 Rd8 25. Nf6+ 1-0

[Event "44th Chess Olympiad Open 2022"]
[Site "Chennai"]
[Date "2022.07.31"]
[Round "3.6"]
[White "Guseinov, Gadir"]
[Black "Krysa, Leandro"]
[Result "1/2-1/2"]
[WhiteElo "2668"]
[BlackElo "2515"]
[Annotator "TA"]
[PlyCount "185"]
[EventDate "2022.07.29"]
[EventType "team-tourn"]
[EventCountry "IND"]
[SourceTitle "playchess.com"]
[Source "ChessBase"]
[SourceQuality "1"]
[WhiteTeam "Azerbaijan"]
[BlackTeam "Argentina"]
[WhiteTeamCountry "AZE"]
[BlackTeamCountry "ARG"]

1. e4 c6 2. d4 d5 3. e5 Bf5 4. h4 a6 5. h5 c5 6. g4 Bd7 7. c3 e6 8. Nf3 Nc6 9.
Bh3 f6 10. O-O Nh6 11. Re1 cxd4 12. cxd4 fxe5 13. dxe5 Bb4 14. Nc3 O-O 15. Qd3
Be7 16. a3 Nf7 17. Nxd5 exd5 18. e6 Bxe6 19. Rxe6 Ng5 20. Bxg5 Bxg5 21. Rd1 Kh8
22. Bg2 Bf6 23. b4 h6 24. Qxd5 Qxd5 25. Rxd5 Rad8 26. Red6 Rxd6 27. Rxd6 Rd8
28. Rxd8+ Nxd8 29. Ne1 Kg8 30. Bd5+ Kf8 31. Kg2 Bb2 32. a4 Bc3 33. Nc2 Ke7 34.
Kf3 b5 35. axb5 axb5 36. Ke4 Kd6 37. Nd4 Ke7 38. Nxb5 Bxb4 39. Kf5 Be1 40. f3
Bh4 41. Nd4 Bf6 42. Ne2 Kd6 43. Ke4 Be5 44. Nc1 Bf6 45. Nb3 Bc3 46. Nd4 Ke7 47.
Ne2 Bb2 48. Ng3 Ne6 49. Nf5+ Kf6 50. Bxe6 Kxe6 51. Nh4 Ba1 52. Ng6 Bb2 53. Nf4+
Kf6 54. Kd5 Be5 55. Ng6 Bb8 56. f4 Ba7 57. Kd6 Be3 58. Kd5 Bd2 59. Ke4 Bc3 60.
Ne5 Bb2 61. Nd7+ Ke6 62. Nc5+ Kf6 63. Kd5 Ba1 64. Kd6 Bd4 65. Kd5 Bb2 66. Nd3
Bc3 67. Kd6 Bd4 68. Kd7 Be3 69. Kd6 Bd4 70. Ne5 Bb2 71. Kd5 Ba1 72. Nd3 Bc3 73.
Nc5 Bb2 74. Ne4+ Kf7 75. Kd6 Bd4 76. Kd7 Be3 77. f5 Bf4 78. Nc5 Be5 79. Nb7 Kf6
80. Ke8 Kg5 81. Kf7 Kxg4 82. Kg6 Bb2 83. Nc5 Ba1 84. Ne4 Bd4 85. f6 Bxf6 86.
Nxf6+ gxf6 87. Kxh6 f5 88. Kg6 f4 89. h6 f3 90. h7 f2 91. h8=Q f1=Q 92. Qf6
Qxf6+ 93. Kxf6 1/2-1/2

[Event "44th Chess Olympiad Open 2022"]
[Site "Chennai"]
[Date "2022.07.31"]
[Round "3.6"]
[White "Perez Ponsa, Federico"]
[Black "Mamedov, Rauf"]
[Result "0-1"]
[WhiteElo "2554"]
[BlackElo "2656"]
[Annotator "TA"]
[PlyCount "88"]
[EventDate "2022.07.29"]
[EventType "team-tourn"]
[EventCountry "IND"]
[SourceTitle "playchess.com"]
[Source "ChessBase"]
[SourceQuality "1"]
[WhiteTeam "Argentina"]
[BlackTeam "Azerbaijan"]
[WhiteTeamCountry "ARG"]
[BlackTeamCountry "AZE"]

1. e4 c5 2. Nf3 d6 3. d4 cxd4 4. Nxd4 Nf6 5. Nc3 Nc6 6. Bg5 e6 7. Qd2 a6 8.
O-O-O Bd7 9. Kb1 Be7 10. Nxc6 Bxc6 11. f3 h6 12. Be3 Qc7 13. h4 b5 14. Ne2 Nd7
15. Nd4 Bb7 16. g4 Ne5 17. Be2 Rc8 18. g5 h5 19. Rhe1 O-O 20. Bf2 Rfd8 21. f4
Bxe4 22. Bxh5 Nc4 23. Qe2 d5 24. g6 Nxb2 25. gxf7+ Kh8 26. Bf3 Na4 27. Rd3 Bxd3
28. Qxd3 Nc3+ 29. Kc1 Qxf4+ 30. Kb2 Qd6 31. Kc1 Nxa2+ 32. Kd2 Qf4+ 33. Re3 Bb4+
34. Kd1 Nc3+ 35. Kc1 Ba3+ 36. Kd2 Ne4+ 37. Ke2 Rc3 38. Nxe6 Qf6 39. Bxe4 Rxd3
40. Bxd3 Rd7 41. Nf4 Qxf7 42. Rf3 Re7+ 43. Kf1 Re4 44. Bg3 Bc1 0-1

[Event "44th Chess Olympiad Open 2022"]
[Site "Chennai"]
[Date "2022.07.31"]
[Round "3.7"]
[White "Van Foreest, Jorden"]
[Black "Blomqvist, Erik"]
[Result "1-0"]
[WhiteElo "2678"]
[BlackElo "2521"]
[Annotator "TA"]
[PlyCount "105"]
[EventDate "2022.07.29"]
[EventType "team-tourn"]
[EventCountry "IND"]
[SourceTitle "playchess.com"]
[Source "ChessBase"]
[SourceQuality "1"]
[WhiteTeam "Netherlands"]
[BlackTeam "Sweden"]
[WhiteTeamCountry "NED"]
[BlackTeamCountry "SWE"]

1. e4 c5 2. Nf3 d6 3. d4 cxd4 4. Nxd4 Nf6 5. Nc3 Nc6 6. Bg5 e6 7. Qd2 a6 8.
Nxc6 bxc6 9. O-O-O Be7 10. h4 O-O 11. g4 d5 12. f3 Nd7 13. Bxe7 Qxe7 14. h5 Rb8
15. h6 g6 16. a3 Rd8 17. Be2 Bb7 18. f4 c5 19. exd5 exd5 20. Bxa6 Bxa6 21. Nxd5
Qf8 22. Qc3 f6 23. Nc7 Be2 24. Ne6 Qf7 25. Nxd8 Rxd8 26. Rd6 Bxg4 27. Rg1 Qf8
28. Qd2 Bf5 29. Rd1 Qxh6 30. Rxf6 Bg4 31. Re1 Qh4 32. Rd6 Rf8 33. Kb1 Nf6 34.
Qc3 Bf5 35. Qc4+ Kg7 36. Re7+ Kh6 37. Rd1 Ne4 38. Rxe4 Bxe4 39. Qxe4 Rxf4 40.
Qc6 Qe7 41. a4 Rf6 42. Qb5 Rf4 43. a5 Rb4 44. Qd3 Rd4 45. Qh3+ Rh4 46. Qc3 Qe2
47. Re1 Qf2 48. a6 Ra4 49. Rh1+ Kg5 50. Qe5+ Kg4 51. Qe6+ Qf5 52. Qe2+ Kg5 53.
Qe7+ 1-0

[Event "44th Chess Olympiad Open 2022"]
[Site "Chennai"]
[Date "2022.07.31"]
[Round "3.7"]
[White "Grandelius, Nils"]
[Black "Giri, Anish"]
[Result "0-1"]
[WhiteElo "2655"]
[BlackElo "2760"]
[Annotator "TA"]
[PlyCount "114"]
[EventDate "2022.07.29"]
[EventType "team-tourn"]
[EventCountry "IND"]
[SourceTitle "playchess.com"]
[Source "ChessBase"]
[SourceQuality "1"]
[WhiteTeam "Sweden"]
[BlackTeam "Netherlands"]
[WhiteTeamCountry "SWE"]
[BlackTeamCountry "NED"]

1. d4 Nf6 2. Nf3 d5 3. c4 e6 4. g3 Bb4+ 5. Bd2 Be7 6. Bg2 O-O 7. O-O c6 8. Qc2
Nbd7 9. Bf4 b6 10. cxd5 cxd5 11. Rc1 Bb7 12. Bc7 Qe8 13. Qb3 Rc8 14. Na3 Ne4
15. Bf4 g5 16. Be3 h6 17. Rxc8 Qxc8 18. Rc1 Qb8 19. Nb5 a6 20. Nc3 Rc8 21. Nxe4
dxe4 22. Ne5 Rxc1+ 23. Bxc1 Nxe5 24. dxe5 Qc7 25. Be3 b5 26. Qd1 Bf8 27. Qd4
Bg7 28. Bxe4 Bxe5 29. Qd3 Bxb2 30. Bxb7 Qxb7 31. Qd8+ Kh7 32. h4 gxh4 33. Qxh4
Bg7 34. Qb4 Qd5 35. Qa3 Qc6 36. Qd3+ f5 37. Qa3 Kg6 38. Kh2 Kf7 39. Qa5 e5 40.
Bb6 Qb7 41. Be3 Qc8 42. Qb6 Qe6 43. Qa5 Kg6 44. Bb6 Bf8 45. Be3 Be7 46. Qc7 Bf6
47. Qa5 h5 48. Bc1 h4 49. gxh4 Bxh4 50. Kg1 f4 51. Bb2 Qg4+ 52. Kf1 Qh3+ 53.
Kg1 Bg3 54. Qb6+ Kh5 55. f3 Qd7 56. Kg2 Qd2 57. Kh3 Qxe2 0-1

[Event "44th Chess Olympiad Open 2022"]
[Site "Chennai"]
[Date "2022.07.31"]
[Round "3.8"]
[White "Korobov, Anton"]
[Black "Quesada Perez, Yasser"]
[Result "0-1"]
[WhiteElo "2692"]
[BlackElo "2568"]
[Annotator "TA"]
[PlyCount "134"]
[EventDate "2022.07.29"]
[EventType "team-tourn"]
[EventCountry "IND"]
[SourceTitle "playchess.com"]
[Source "ChessBase"]
[SourceQuality "1"]
[WhiteTeam "Ukraine"]
[BlackTeam "Cuba"]
[WhiteTeamCountry "UKR"]
[BlackTeamCountry "CUB"]

1. c4 e5 2. d3 Bb4+ 3. Nd2 Nf6 4. Ngf3 d6 5. a3 Bxd2+ 6. Bxd2 O-O 7. e3 Nc6 8.
Qc2 a5 9. Be2 a4 10. Bc3 Re8 11. O-O Bf5 12. Rad1 h6 13. Rfe1 e4 14. dxe4 Nxe4
15. c5 d5 16. Nd4 Bg6 17. Nxc6 bxc6 18. Qc1 Qh4 19. Rf1 Bh5 20. Bxh5 Qxh5 21.
Bb4 Re6 22. Rd4 Qe2 23. Qe1 Qxb2 24. Qb1 Qxb1 25. Rxb1 Ree8 26. h4 Reb8 27. Rc1
Nf6 28. f3 Nh7 29. Kf2 Nf8 30. g4 Ne6 31. Rd3 Rf8 32. e4 dxe4 33. fxe4 Rfd8 34.
Rcd1 Rxd3 35. Rxd3 Kf8 36. Ke3 Ke7 37. h5 Rg8 38. Be1 Rb8 39. Bb4 f6 40. Rd1
Ng5 41. Ba5 Rb7 42. Bb4 Nf7 43. Kf4 Ke6 44. Rd2 Rb8 45. Rd1 Ne5 46. Rd2 g6 47.
hxg6 Nxg6+ 48. Kg3 Ne5 49. Kh3 Rg8 50. Rd4 Rxg4 51. Ba5 Nf3 52. Rxa4 h5 53.
Bxc7 Ng5+ 54. Kh2 Rxe4 55. Rxe4+ Nxe4 56. Kh3 Nxc5 57. Kh4 Kf5 58. Kxh5 Na4 59.
Kh4 Ke4 60. Kg3 c5 61. Kf2 f5 62. Ke2 f4 63. Ba5 f3+ 64. Kd2 c4 65. Bd8 c3+ 66.
Ke1 c2 67. Bg5 Nb2 0-1

[Event "44th Chess Olympiad Open 2022"]
[Site "Chennai"]
[Date "2022.07.31"]
[Round "3.8"]
[White "Shevchenko, Kirill"]
[Black "Quesada Perez, Luis Ernesto"]
[Result "1-0"]
[WhiteElo "2654"]
[BlackElo "2549"]
[Annotator "TA"]
[PlyCount "213"]
[EventDate "2022.07.29"]
[EventType "team-tourn"]
[EventCountry "IND"]
[SourceTitle "playchess.com"]
[Source "ChessBase"]
[SourceQuality "1"]
[WhiteTeam "Ukraine"]
[BlackTeam "Cuba"]
[WhiteTeamCountry "UKR"]
[BlackTeamCountry "CUB"]

1. c4 c6 2. Nf3 d5 3. e3 Nf6 4. Nc3 Nbd7 5. d4 e6 6. Be2 Bd6 7. O-O O-O 8. b3
b6 9. Bb2 Bb7 10. Qc2 Qe7 11. Rad1 Rad8 12. Rfe1 Rfe8 13. Bf1 c5 14. cxd5 exd5
15. Ne2 Rc8 16. dxc5 Nxc5 17. Qb1 Nce4 18. Ned4 Bb4 19. Re2 g6 20. h3 Nc3 21.
Bxc3 Bxc3 22. Nb5 Ne4 23. Nxa7 Rc5 24. Rc2 Bg7 25. Nb5 Bh6 26. Re1 Rec8 27.
Nbd4 Qf6 28. Bd3 Rxc2 29. Bxc2 Bf8 30. Bd3 Bd6 31. Nb5 Bb8 32. Qa1 Qe7 33. Rc1
Rc5 34. a3 Ba6 35. b4 Rxc1+ 36. Qxc1 Qf6 37. Bf1 h5 38. Nbd4 Bb7 39. Bb5 Be5
40. Bc6 Bxd4 41. Bxb7 Bb2 42. Qc8+ Kg7 43. a4 Ba3 44. Bxd5 Qa1+ 45. Kh2 Nxf2
46. Qc4 Nd1 47. Qf1 Qc1 48. Ng5 Qc7+ 49. Kh1 Nc3 50. Bxf7 Qe5 51. Bb3 Bxb4 52.
Qf7+ Kh6 53. h4 Qg7 54. Qc4 Be7 55. Nf7+ Kh7 56. Ng5+ Kh6 57. g3 Qf6 58. Kg2
Qg7 59. Qc7 Qf6 60. Qc8 Bf8 61. Qc4 Qg7 62. Ne6 Qb7+ 63. Kg1 Bg7 64. Nd8 Qe7
65. Nf7+ Kh7 66. Ng5+ Kh6 67. Qd3 Qf6 68. Nf7+ Kh7 69. Ng5+ Kh6 70. Kg2 Qc6+
71. Kh2 Qf6 72. Kg1 Qe7 73. Bg8 Be5 74. Kg2 Nxa4 75. Bf7 Qd6 76. Qxd6 Bxd6 77.
Be8 Bc5 78. Bxa4 Bxe3 79. Nf7+ Kg7 80. Nd6 Bc1 81. Be8 Kf6 82. Nc4 Kg7 83. Ne5
g5 84. Nd3 Bd2 85. hxg5 Bxg5 86. Bxh5 Be7 87. Be8 Kf6 88. Kf3 Bd6 89. Ba4 b5
90. Bxb5 Kg5 91. Bc6 Bb8 92. Nf2 Bc7 93. Bd7 Bxg3 94. Kxg3 Kh5 95. Kf4 Kg6 96.
Ng4 Kg7 97. Bf5 Kf7 98. Ke5 Kg7 99. Ke6 Kg8 100. Kf6 Kh8 101. Ne5 Kg8 102. Nf7
Kf8 103. Bh7 Ke8 104. Ne5 Kd8 105. Ke6 Kc7 106. Nd7 Kc6 107. Bd3 1-0

[Event "44th Chess Olympiad Open 2022"]
[Site "Chennai"]
[Date "2022.07.31"]
[Round "3.8"]
[White "Albornoz Cabrera, Carlos Daniel"]
[Black "Volokitin, Andrei"]
[Result "1/2-1/2"]
[WhiteElo "2566"]
[BlackElo "2674"]
[Annotator "TA"]
[PlyCount "62"]
[EventDate "2022.07.29"]
[EventType "team-tourn"]
[EventCountry "IND"]
[SourceTitle "playchess.com"]
[Source "ChessBase"]
[SourceQuality "1"]
[WhiteTeam "Cuba"]
[BlackTeam "Ukraine"]
[WhiteTeamCountry "CUB"]
[BlackTeamCountry "UKR"]

1. e4 c5 2. Nf3 d6 3. d4 cxd4 4. Nxd4 Nf6 5. Nc3 a6 6. Bg5 e6 7. f4 Qb6 8. Qd2
Qxb2 9. Rb1 Qa3 10. f5 Nc6 11. fxe6 Bxe6 12. Rxb7 Nxd4 13. Qxd4 Be7 14. Bc4 Rc8
15. Nd5 Bxd5 16. Bxd5 Nxd5 17. Qxg7 Rf8 18. exd5 Bxg5 19. Qxg5 Qc3+ 20. Kf2
Qxc2+ 21. Kg3 Qe4 22. Rf1 h6 23. Qg7 Rc3+ 24. Rf3 Rxf3+ 25. gxf3 Qg6+ 26. Qxg6
fxg6 27. Rb6 Ke7 28. Rxa6 Rf5 29. Ra5 Rg5+ 30. Kf4 Rh5 31. Kg3 Rg5+ 1/2-1/2

[Event "44th Chess Olympiad Open 2022"]
[Site "Chennai"]
[Date "2022.07.31"]
[Round "3.9"]
[White "Ragger, Markus"]
[Black "Bluebaum, Matthias"]
[Result "1/2-1/2"]
[WhiteElo "2647"]
[BlackElo "2673"]
[Annotator "TA"]
[PlyCount "61"]
[EventDate "2022.07.29"]
[EventType "team-tourn"]
[EventCountry "IND"]
[SourceTitle "playchess.com"]
[Source "ChessBase"]
[SourceQuality "1"]
[WhiteTeam "Austria"]
[BlackTeam "Germany"]
[WhiteTeamCountry "AUT"]
[BlackTeamCountry "GER"]

1. e4 c6 2. d4 d5 3. e5 Bf5 4. h4 h5 5. Bd3 Bxd3 6. Qxd3 e6 7. Bg5 Qb6 8. Nd2
c5 9. c4 Qxb2 10. Rd1 Nc6 11. Ne2 Nb4 12. Qf3 Nc2+ 13. Kf1 Nxd4 14. Nxd4 Qxd4
15. Qb3 Be7 16. cxd5 exd5 17. Qxb7 Rd8 18. Re1 Qb4 19. Qxa7 Rh6 20. Rb1 Qd4 21.
Kg1 Re6 22. Nf3 Qc4 23. Rb8 Bxg5 24. Nxg5 Qc1+ 25. Kh2 Qf4+ 26. Kg1 Qc1+ 27.
Kh2 Qf4+ 28. Kg1 Qc1+ 29. Kh2 Qf4+ 30. Kg1 Qc1+ 31. Kh2 1/2-1/2

[Event "44th Chess Olympiad Open 2022"]
[Site "Chennai"]
[Date "2022.07.31"]
[Round "3.10"]
[White "Adams, Michael"]
[Black "Laurusas, Tomas"]
[Result "1/2-1/2"]
[WhiteElo "2696"]
[BlackElo "2561"]
[Annotator "TA"]
[PlyCount "74"]
[EventDate "2022.07.29"]
[EventType "team-tourn"]
[EventCountry "IND"]
[SourceTitle "playchess.com"]
[Source "ChessBase"]
[SourceQuality "1"]
[WhiteTeam "England"]
[BlackTeam "Lithuania"]
[WhiteTeamCountry "ENG"]
[BlackTeamCountry "LTU"]

1. e4 e5 2. Nf3 Nf6 3. Nxe5 d6 4. Nf3 Nxe4 5. d4 d5 6. Bd3 Nc6 7. O-O Be7 8.
Nbd2 Nxd2 9. Bxd2 Bg4 10. c3 O-O 11. Bf4 Bd6 12. Bg3 Qf6 13. Re1 Rae8 14. Rxe8
Rxe8 15. Bxd6 Bxf3 16. Qxf3 Qxd6 17. h4 Nb8 18. g3 c6 19. c4 Nd7 20. cxd5 cxd5
21. Rc1 Nf6 22. Bb5 Rf8 23. Qa3 Qb6 24. Qc5 Qa5 25. a4 Qd2 26. Qc3 Qh6 27. Bd3
Qh5 28. Kg2 Qg4 29. a5 g6 30. Re1 Rc8 31. Qb3 Nh5 32. Bf1 Qxd4 33. Qxb7 Rc2 34.
Qb8+ Kg7 35. Qe5+ Qxe5 36. Re4 Qf4 37. Rxf4 Rxb2 1/2-1/2

[Event "44th Chess Olympiad Open 2022"]
[Site "Chennai"]
[Date "2022.07.31"]
[Round "3.10"]
[White "Howell, David W L"]
[Black "Juksta, Karolis"]
[Result "1-0"]
[WhiteElo "2650"]
[BlackElo "2412"]
[Annotator "TA"]
[PlyCount "65"]
[EventDate "2022.07.29"]
[EventType "team-tourn"]
[EventCountry "IND"]
[SourceTitle "playchess.com"]
[Source "ChessBase"]
[SourceQuality "1"]
[WhiteTeam "England"]
[BlackTeam "Lithuania"]
[WhiteTeamCountry "ENG"]
[BlackTeamCountry "LTU"]

1. e4 e6 2. d4 d5 3. Nd2 c5 4. Ngf3 Nc6 5. exd5 exd5 6. Bb5 Qe7+ 7. Be2 Qc7 8.
O-O Nf6 9. Re1 Be6 10. Bb5 Bd6 11. Nb3 c4 12. Nc5 Bxc5 13. dxc5 O-O 14. Bxc6
Qxc6 15. Nd4 Qxc5 16. Rxe6 fxe6 17. Nxe6 Qb6 18. Nxf8 Rxf8 19. Be3 Qxb2 20.
Bxa7 Qb5 21. Bd4 Qd7 22. Qe1 Ne4 23. Qa5 Qf7 24. f3 Ng5 25. Re1 h6 26. c3 Kh7
27. Qb5 Ra8 28. h4 Nxf3+ 29. gxf3 Qxf3 30. Qb1+ Qd3 31. h5 b5 32. Qxd3+ cxd3
33. Re7 1-0

[Event "44th Chess Olympiad Open 2022"]
[Site "Chennai"]
[Date "2022.07.31"]
[Round "3.10"]
[White "Pultinevicius, Paulius"]
[Black "Jones, Gawain C B"]
[Result "1/2-1/2"]
[WhiteElo "2539"]
[BlackElo "2652"]
[Annotator "TA"]
[PlyCount "80"]
[EventDate "2022.07.29"]
[EventType "team-tourn"]
[EventCountry "IND"]
[SourceTitle "playchess.com"]
[Source "ChessBase"]
[SourceQuality "1"]
[WhiteTeam "Lithuania"]
[BlackTeam "England"]
[WhiteTeamCountry "LTU"]
[BlackTeamCountry "ENG"]

1. d4 Nf6 2. c4 e6 3. g3 d5 4. Nf3 dxc4 5. Bg2 c6 6. a4 Bb4+ 7. Bd2 a5 8. Qc2
O-O 9. Qxc4 Bxd2+ 10. Nbxd2 b6 11. Qc2 Bb7 12. O-O Nbd7 13. Rfd1 c5 14. Nc4
cxd4 15. Rxd4 Qc7 16. b3 Nc5 17. Rc1 Be4 18. Qb2 Rad8 19. Qa3 Rxd4 20. Nxd4
Bxg2 21. Kxg2 Qd8 22. Nf3 Nce4 23. Nce5 Nd5 24. Nc6 Qa8 25. Ne7+ Nxe7 26. Qxe7
Nc5 27. Qc7 Qd8 28. Qxd8 Rxd8 29. Rb1 f6 30. Kf1 Kf7 31. b4 Nxa4 32. bxa5 bxa5
33. Ra1 Nc3 34. Rxa5 Rd1+ 35. Ne1 Rd2 36. Ra7+ Kg6 37. Re7 Rxe2 38. Rc7 Nd5 39.
Rxg7+ Kxg7 40. Kxe2 e5 1/2-1/2

[Event "44th Chess Olympiad Open 2022"]
[Site "Chennai"]
[Date "2022.07.31"]
[Round "3.11"]
[White "Nihal Sarin"]
[Black "Bogner, Sebastian"]
[Result "1-0"]
[WhiteElo "2651"]
[BlackElo "2545"]
[Annotator "TA"]
[PlyCount "53"]
[EventDate "2022.07.29"]
[EventType "team-tourn"]
[EventCountry "IND"]
[SourceTitle "playchess.com"]
[Source "ChessBase"]
[SourceQuality "1"]
[WhiteTeam "India"]
[BlackTeam "Switzerland"]
[WhiteTeamCountry "IND"]
[BlackTeamCountry "SUI"]

1. d4 Nf6 2. c4 e6 3. Nf3 d5 4. g3 Be7 5. Bg2 O-O 6. Qd3 Nbd7 7. O-O b6 8. cxd5
exd5 9. Nc3 Bb7 10. Bf4 Nh5 11. Rad1 Nxf4 12. gxf4 Re8 13. Ne5 Nf6 14. e3 c6
15. Kh1 Bd6 16. Bf3 c5 17. Rg1 Qe7 18. Ng4 Nxg4 19. Rxg4 Rad8 20. Rdg1 g6 21.
Bxd5 Bxd5+ 22. Nxd5 Qe6 23. Rg5 cxd4 24. e4 f5 25. f3 Rf8 26. exf5 Qxd5 27.
fxg6 1-0

[Event "44th Chess Olympiad Open 2022"]
[Site "Chennai"]
[Date "2022.07.31"]
[Round "3.11"]
[White "Georgiadis, Nico"]
[Black "Gukesh D"]
[Result "0-1"]
[WhiteElo "2578"]
[BlackElo "2684"]
[Annotator "TA"]
[PlyCount "74"]
[EventDate "2022.07.29"]
[EventType "team-tourn"]
[EventCountry "IND"]
[SourceTitle "playchess.com"]
[Source "ChessBase"]
[SourceQuality "1"]
[WhiteTeam "Switzerland"]
[BlackTeam "India"]
[WhiteTeamCountry "SUI"]
[BlackTeamCountry "IND"]

1. e4 c5 2. Nf3 Nc6 3. d4 cxd4 4. Nxd4 e6 5. a3 e5 6. Nb5 d6 7. c4 Nf6 8. Bd3
g6 9. O-O Bg7 10. Bg5 O-O 11. N5c3 h6 12. Bxf6 Bxf6 13. Ne2 Bg7 14. Nbc3 f5 15.
exf5 gxf5 16. Bc2 Be6 17. Nd5 Rc8 18. Qd2 Na5 19. b3 b5 20. Rad1 bxc4 21. b4
Nc6 22. Rfe1 Qd7 23. Ba4 Qf7 24. Bxc6 Rxc6 25. Nec3 Kh8 26. f4 a5 27. Qe3 e4
28. Rd2 Bxd5 29. Rxd5 axb4 30. axb4 Ra6 31. Rc1 Rb8 32. g4 fxg4 33. Qxe4 Rxb4
34. Rf5 Qa7+ 35. Kf1 Ra1 36. Ne2 Rxc1+ 37. Nxc1 Qa1 0-1

[Event "44th Chess Olympiad Open 2022"]
[Site "Chennai"]
[Date "2022.07.31"]
[Round "3.12"]
[White "Sargissian, Gabriel"]
[Black "Amin, Bassem"]
[Result "1/2-1/2"]
[WhiteElo "2698"]
[BlackElo "2680"]
[Annotator "TA"]
[PlyCount "88"]
[EventDate "2022.07.29"]
[EventType "team-tourn"]
[EventCountry "IND"]
[SourceTitle "playchess.com"]
[Source "ChessBase"]
[SourceQuality "1"]
[WhiteTeam "Armenia"]
[BlackTeam "Egypt"]
[WhiteTeamCountry "ARM"]
[BlackTeamCountry "EGY"]

1. d4 Nf6 2. c4 g6 3. Nc3 Bg7 4. e4 d6 5. Nf3 O-O 6. Be2 e5 7. O-O Bg4 8. dxe5
Bxf3 9. exf6 Bxe2 10. Qxe2 Qxf6 11. Nd5 Qd8 12. Be3 c6 13. Nc3 Qe7 14. Rad1
Bxc3 15. bxc3 Nd7 16. Bf4 Rfe8 17. f3 Ne5 18. Rd4 Rad8 19. Rfd1 b6 20. a4 f6
21. Qd2 Qf7 22. Qe2 Qe6 23. a5 bxa5 24. Qa2 Rd7 25. Bxe5 fxe5 26. R4d3 Rb8 27.
Qa4 c5 28. Rd5 Rb6 29. Qxa5 Rdb7 30. Qa4 Kf7 31. R5d2 Ke7 32. Ra2 Qf7 33. Re2
Qe8 34. Qa1 Qf7 35. Ra2 Qxc4 36. Rxa7 Qe2 37. Rxb7+ Rxb7 38. Re1 Qd2 39. Rd1
Qc2 40. Kh1 Kd7 41. h3 Rb2 42. Qa7+ Ke6 43. Rg1 Rb1 44. Qxh7 Rxg1+ 1/2-1/2

[Event "44th Chess Olympiad Open 2022"]
[Site "Chennai"]
[Date "2022.07.31"]
[Round "3.13"]
[White "Tabatabaei, M. Amin"]
[Black "Djukic, Nikola"]
[Result "1/2-1/2"]
[WhiteElo "2664"]
[BlackElo "2526"]
[Annotator "TA"]
[PlyCount "115"]
[EventDate "2022.07.29"]
[EventType "team-tourn"]
[EventCountry "IND"]
[SourceTitle "playchess.com"]
[Source "ChessBase"]
[SourceQuality "1"]
[WhiteTeam "Iran"]
[BlackTeam "Montenegro"]
[WhiteTeamCountry "IRI"]
[BlackTeamCountry "MNE"]

1. c4 g6 2. Nc3 c5 3. g3 Bg7 4. Bg2 Nc6 5. Nf3 e6 6. d4 cxd4 7. Nb5 d5 8. cxd5
exd5 9. O-O Nf6 10. Nbxd4 O-O 11. Nxc6 bxc6 12. Be3 Re8 13. Bd4 Ba6 14. Re1 Ne4
15. Rc1 Rc8 16. Bh3 Rc7 17. Bxg7 Kxg7 18. Qa4 Bc8 19. Bxc8 Qxc8 20. Qd4+ f6 21.
b4 Qa6 22. Rc2 Nd6 23. Qc5 Ne4 24. Qd4 Nd6 25. Qd3 Qb6 26. Rec1 Re4 27. e3 Nc4
28. Nd4 Re8 29. Rxc4 dxc4 30. Qxc4 Rce7 31. a3 h5 32. Qxc6 Qxc6 33. Rxc6 Rd7
34. b5 Kf7 35. a4 Rb8 36. Kf1 Rb6 37. Rc8 Rbb7 38. Ke2 a6 39. bxa6 Rb4 40. a5
Ra7 41. Rc6 Ra4 42. Nb3 g5 43. h3 Ra2+ 44. Kf3 g4+ 45. hxg4 hxg4+ 46. Kxg4 Rxf2
47. Nd4 Ra8 48. Nf3 Ra2 49. Rc7+ Ke8 50. Rc6 Kf7 51. Rc7+ Ke8 52. Nd4 Rxa5 53.
Nc6 Rg5+ 54. Kf4 Rxa6 55. Nd4 Ra1 56. Nf3 Ra4+ 57. Nd4 Ra1 58. Ke4 1/2-1/2

[Event "44th Chess Olympiad Open 2022"]
[Site "Chennai"]
[Date "2022.07.31"]
[Round "3.13"]
[White "Kadric, Denis"]
[Black "Maghsoodloo, Parham"]
[Result "0-1"]
[WhiteElo "2554"]
[BlackElo "2701"]
[Annotator "TA"]
[PlyCount "58"]
[EventDate "2022.07.29"]
[EventType "team-tourn"]
[EventCountry "IND"]
[SourceTitle "playchess.com"]
[Source "ChessBase"]
[SourceQuality "1"]
[WhiteTeam "Montenegro"]
[BlackTeam "Iran"]
[WhiteTeamCountry "MNE"]
[BlackTeamCountry "IRI"]

1. e4 c5 2. Nc3 Nc6 3. Nge2 Nd4 4. d3 g6 5. Nxd4 cxd4 6. Ne2 Bg7 7. c3 e5 8.
cxd4 exd4 9. Qa4 Nf6 10. Bg5 h6 11. Bh4 g5 12. Bg3 O-O 13. Bd6 Re8 14. Ng3 Re6
15. Nf5 Ne8 16. Nxg7 Nxg7 17. Ba3 d5 18. f3 Nf5 19. Kf2 Bd7 20. Qb4 a5 21. Qd2
Ne3 22. Be2 Qf6 23. Rhc1 dxe4 24. dxe4 Rxe4 25. Kg1 Rf4 26. b3 g4 27. Bb2 Re8
28. g3 gxf3 29. gxf4 Qg6+ 0-1

[Event "44th Chess Olympiad Open 2022"]
[Site "Chennai"]
[Date "2022.07.31"]
[Round "3.14"]
[White "Abdusattorov, Nodirbek"]
[Black "Sebenik, Matej"]
[Result "1-0"]
[WhiteElo "2688"]
[BlackElo "2512"]
[Annotator "TA"]
[PlyCount "83"]
[EventDate "2022.07.29"]
[EventType "team-tourn"]
[EventCountry "IND"]
[SourceTitle "playchess.com"]
[Source "ChessBase"]
[SourceQuality "1"]
[WhiteTeam "Uzbekistan"]
[BlackTeam "Slovenia"]
[WhiteTeamCountry "UZB"]
[BlackTeamCountry "SLO"]

1. e4 c6 2. d4 d5 3. e5 Bf5 4. Nd2 e6 5. Nb3 Nd7 6. Nf3 a6 7. Be2 h6 8. O-O c5
9. Re1 Rc8 10. c3 Bh7 11. dxc5 Bxc5 12. Nfd4 Ne7 13. Nxc5 Nxc5 14. a4 O-O 15.
Be3 Nf5 16. Nxf5 Bxf5 17. Bd4 Nd7 18. Rc1 Rc6 19. Bf1 Nb6 20. b3 Qe7 21. a5 Nd7
22. b4 Rfc8 23. Qd2 Qg5 24. Qb2 Be4 25. c4 Qg6 26. c5 Bd3 27. Rc3 Bxf1 28. Rxf1
R6c7 29. f4 Nb8 30. f5 exf5 31. e6 fxe6 32. Rg3 Qh7 33. Qe2 Re8 34. Be5 Rf7 35.
Bxb8 Rxb8 36. Qxe6 Rbf8 37. Rg6 Kh8 38. Rf4 Rf6 39. Rxf6 Rxf6 40. Qxd5 g6 41.
Qd8+ Kg7 42. Rd4 1-0

[Event "44th Chess Olympiad Open 2022"]
[Site "Chennai"]
[Date "2022.07.31"]
[Round "3.19"]
[White "Deac, Bogdan-Daniel"]
[Black "Megaranto, Susanto"]
[Result "1-0"]
[WhiteElo "2692"]
[BlackElo "2529"]
[Annotator "TA"]
[PlyCount "61"]
[EventDate "2022.07.29"]
[EventType "team-tourn"]
[EventCountry "IND"]
[SourceTitle "playchess.com"]
[Source "ChessBase"]
[SourceQuality "1"]
[WhiteTeam "Romania"]
[BlackTeam "Indonesia"]
[WhiteTeamCountry "ROU"]
[BlackTeamCountry "INA"]

1. d4 Nf6 2. c4 e6 3. Nc3 Bb4 4. e3 O-O 5. Bd3 d6 6. Nge2 e5 7. a3 Bxc3+ 8.
Nxc3 exd4 9. exd4 Bg4 10. Qb3 Nc6 11. Be3 Rb8 12. Qc2 Bh5 13. O-O Bg6 14. Bxg6
hxg6 15. d5 Ne5 16. Bxa7 Rc8 17. b3 b6 18. f4 Ned7 19. a4 Ra8 20. Nb5 Re8 21.
a5 bxa5 22. Bd4 Nc5 23. b4 Nb7 24. f5 g5 25. Qc1 Ng4 26. f6 gxf6 27. Bxf6 Nxf6
28. Qxg5+ Kf8 29. Rxf6 Re5 30. Qh6+ Ke8 31. Raf1 1-0